Копия с всеподданнейшего отчета генерал-адъютанта Лорис-Меликова по временному Харьковскому генерал-губернаторству, представленн...

RUSMARC
00004936nac2a22003373x 450
001fb72f072-1bb2-43c6-8cf2-9412d9a1c08d
00520240819143603.0
100##$a20240716l1880 k y0rusy50 ca
1010#$arus
102##$aRU
105##$ay z |||||
1220#$ad18800202
2001#$aКопия с всеподданнейшего отчета генерал-адъютанта Лорис-Меликова по временному Харьковскому генерал-губернаторству, представленного Александру II 02.02.1880 г.
$j02.02.1880
215##$a29 листов
$d40 х 25
251##$cДело
300##$aРукописный текст
324##$aКопия
325##$aЗамикрофильмировано
330##$aВходит в раздел описи: Материалы по Харьковскому генерал-губернаторству Лорис-Меликова М. Т.
461#0$1001cda3d175-ae4a-411a-8dea-9cc20fb178f6
$12001
$aЛорис-Меликов Михаил Тариелович, граф, министр внутренних дел, главный начальник "верховной распорядительной комиссии по охранению государственного порядка и общественного спокойствия", генерал от кавалерии
$1251
$cФонд
$1852
$j569
462#0$1001163e060a-d7cc-404d-90ee-e28c9801971b
$12001
$aОпись дел фонда М. Т. Лорис-Меликова за 1858-1915 гг.
$vД. 16
$1251
$cОпись
$1852
$j1
600#1$aЛорис-Меликов
$bМ. Т.
$gМихаил Тариелович
600#0$aАлександр
$dII
60102$aХарьковское генерал-губернаторство
605##$3DITM\AF\0000002775
$aВласть
$lколлекция
$2acquisition_prlib
6101#$aОтчет генерал-адъютанта
$a2 февраля 1880 г.
686##$a63.3(2)535-332ю1
$cИстория
$2rubbk
686##$a67.400.6ю1
$cПраво
$2rubbk
801#0$aRU
$bGA_RF
801#1$aRU
$bГлавНИВЦ
$c20240716
$2rusmarc
801#2$aRU
$bПБ им. Б.Н. Ельцина
$c20240819
$gRCR
$2rusmarc
852##$aГА РФ
$j16
937##$d193615894
$hГАРФ
035##$aRuPRLIB51076366
856##$uhttp://readingroom.main.prlib.ru/item.aspx?id_node=n193615894&mode=full
Формат отображения